| 000 | 00445nam a2200181Ia 4500 | ||
|---|---|---|---|
| 001 | 11764 | ||
| 005 | 20260306162852.0 | ||
| 008 | 260306t2022||||xx |||||||||||||| ||spa|| | ||
| 041 | _aESP | ||
| 082 |
_aHR 150 _bV. 12 N° 1 2022 RP.2 |
||
| 110 | _aUniversidad Católica San Pablo | ||
| 245 | 0 | _aRevista de psicología | |
| 260 | _c2022 | ||
| 300 |
_a207 páginas : _c24 cm. |
||
| 650 | _aGEN | ||
| 654 | _aCPS | ||
| 942 |
_cREV _dJUS _fJUS _2ddc _n |
||
| 999 |
_c11764 _d11764 |
||